书目信息 |
| 题名: |
无机化学实验
|
|
| 作者: | ;上海化工学院无机化学教研组 编 | |
| 分册: | ||
| 出版信息: | 北京 人民教育出版社 1979 |
|
| 页数: | 121页 | |
| 开本: | 26cm | |
| 丛书名: | ||
| 单 册: | ||
| 中图分类: | O61-33 | |
| 科图分类: | ||
| 主题词: | 无机化学--化学实验--高等学校--教材 | |
| 电子资源: | ||
| ISBN: | 13012.0278 | |
| 000 | 00736nam0 2200241 450 | |
| 001 | 0179000453 | |
| 005 | 20100712215508.0 | |
| 010 | @a13012.0278@dCNY0.62 | |
| 091 | @a13012.0278 | |
| 100 | @a20021005d1979 em y0chiy0110 ea | |
| 101 | 0 | @achi |
| 102 | @aCN@b110000 | |
| 105 | @ay z 000yy | |
| 106 | @ar | |
| 200 | 1 | @a无机化学实验@9Wu;Mo Ji Hua Xue Shi Yan @f上海化工学院无机化学教研组编 |
| 210 | @a北京@c人民教育出版社@d1979 | |
| 215 | @a121页@d26cm | |
| 300 | @a高等学校试用教材 | |
| 606 | 0 | @a无机化学@x化学实验@x高等学校@x教材 |
| 690 | @aO61-33@v3 | |
| 711 | 02 | @a上海化工学院无机化学教研组@9shang hai hua gong xue yuan wu ji hua xue jiao yan zu@4编 |
| 801 | 0 | @aCN@bAzMarc@c20130904 |
| 905 | @aBZT@dO61@e51@f10@sO61/51 | |
| 无机化学实验/上海化工学院无机化学教研组编.-北京:人民教育出版社,1979 |
| 121页;26cm |
| 高等学校试用教材 |
| ISBN 13012.0278:CNY0.62 |
| ● |
| 相关链接 |
|
|
|
正题名:无机化学实验
索取号:O61/51
 
预约/预借
| 序号 | 登录号 | 条形码 | 馆藏地/架位号 | 状态 | 备注 |
| 1 | 2000075444 | 2000075444 | 旧书回溯/ [索取号:O61/51] | 在馆 | |
| 2 | 2000075445 | 2000075445 | 旧书回溯/ [索取号:O61/51] | 在馆 | |
| 3 | 2000075446 | 2000075446 | 旧书回溯/ [索取号:O61/51] | 在馆 | |
| 4 | 2000075447 | 2000075447 | 旧书回溯/ [索取号:O61/51] | 在馆 | |
| 5 | 2000075448 | 2000075448 | 旧书回溯/ [索取号:O61/51] | 在馆 | |
| 6 | 2000087895 | 2000087895 | 旧书回溯/ [索取号:O61/51] | 在馆 | |
| 7 | 2000087896 | 2000087896 | 旧书回溯/ [索取号:O61/51] | 在馆 | |
| 8 | 2000087897 | 2000087897 | 旧书回溯/ [索取号:O61/51] | 在馆 | |
| 9 | 2000087898 | 2000087898 | 旧书回溯/ [索取号:O61/51] | 在馆 | |
| 10 | 2000087899 | 2000087899 | 旧书回溯/ [索取号:O61/51] | 在馆 |